Arauco Domado
Uloženo v:
| Hlavní autor: | |
|---|---|
| Médium: | Kniha |
| Jazyk: | španělština |
| Vydáno: |
Madrid
Ediciones cultura hispánica
1944
|
| Edice: | Colección de Incunables Americanos siglo XVI, 11
|
| Témata: | |
| Tagy: |
Přidat tag
Žádné tagy, Buďte první, kdo vytvoří štítek k tomuto záznamu!
|
MARC
| LEADER | 00000nam a2200000 a 4500 | ||
|---|---|---|---|
| 001 | UCZ7781 | ||
| 003 | CL-VaPUC | ||
| 005 | 20221026140937.0 | ||
| 008 | 960109e19440000SP |||||||||||||||||spa|d | ||
| 999 | |c 243788 |d 243786 | ||
| 040 | |c Pontificia Universidad Católica de Valparaíso | ||
| 082 | 0 | 4 | |a Ch861 |b OÑA |2 21 |
| 100 | |a Oña, Pedro de |e autor |9 878010 | ||
| 245 | 1 | 0 | |a Arauco Domado |
| 260 | |a Madrid |b Ediciones cultura hispánica |c 1944 | ||
| 300 | |a 335 p | ||
| 490 | 0 | |a Colección de Incunables Americanos siglo XVI, 11 | |
| 583 | |a last modification |c 19960109 00:00:00 |k Rodrigo Vera | ||
| 650 | 0 | |a Poesías chilenas |9 265280 | |
| 650 | 7 | |a POESIA EPICA CHILENA |2 CL-VaPUC |9 322601 | |
| 942 | |c BK |2 ddc | ||
| 945 | |d 19960109 00:00:00 |a mcarcey | ||
| 952 | |0 0 |1 0 |2 ddc |4 0 |6 CH_861_000000000000000_OÑA_1944 |7 0 |8 R |9 257587 |a BIBEDU |b BIBEDU |c MCIRC |d 2019-11-19 |i 3162834 |l 1 |o Ch861 OÑA 1944 |p 3162834 |r 2023-08-10 |s 2023-07-31 |w 2019-11-19 |y BK_R |k LIT | ||